[Event "Ljubljana-chT 67th Superliga"]
[Site "Ljubljana"]
[Date "2014.03.13"]
[Round "7.3"]
[White "Galle, Leopold"]
[Black "Janzelj, Lara"]
[Result "0-1"]
[WhiteElo "2008"]
[BlackElo "1873"]
[PlyCount "62"]
[EventDate "2014.01.09"]
[EventType "team-tourn"]
[EventRounds "9"]
[EventCountry "SLO"]
[SourceTitle "EXT 2022"]
[Source "ChessBase"]
[SourceDate "2021.10.06"]
[SourceVersion "1"]
[SourceVersionDate "2021.10.06"]
[SourceQuality "1"]
[WhiteTeam "Domzale SD"]
[BlackTeam "Ig"]
[WhiteTeamCountry "SLO"]
[BlackTeamCountry "SLO"]

1. d4 d5 2. c4 c6 3. Nf3 Nf6 4. Nc3 dxc4 5. a4 Bf5 6. e3 e6 7. Bxc4 Bb4 8. 0-0 0-0 9. Qe2 Bg4 10. h3 Bh5 11. Rd1 Nd5 12. Bd2 Qa5 13. Rdc1 Nd7 14. Na2 Bxf3 15. Bxb4 Qxb4 16. Nxb4 Bxe2 17. Nxd5 Bxc4 18. Ne7+ Kh8 19. Rxc4 Rfe8 20. Nxc6 bxc6 21. Rxc6 Rec8 22. Rac1 Rxc6 23. Rxc6 Kg8 24. b4 Kf8 25. b5 Ke7 26. Ra6 Nb8 27. Ra5 Kd6 28. b6 Nc6 29. Ra6 Rb8 30. a5 axb6 31. axb6 Rb7 0-1

[Event "SLO-chT Central 1st League 11th"]
[Site "Slovenia"]
[Date "2010.09.30"]
[Round "3.2"]
[White "Galle, Leopold"]
[Black "Urbanc, Vinko"]
[Result "0-1"]
[WhiteElo "2160"]
[BlackElo "1925"]
[PlyCount "62"]
[EventDate "2010.09.09"]
[EventType "team-tourn"]
[EventRounds "9"]
[EventCountry "SLO"]
[SourceTitle "EXT 2022"]
[Source "ChessBase"]
[SourceDate "2021.10.06"]
[SourceVersion "1"]
[SourceVersionDate "2021.10.06"]
[SourceQuality "1"]
[WhiteTeam "Domzale SD"]
[BlackTeam "Trzin Buscotrade"]
[WhiteTeamCountry "SLO"]
[BlackTeamCountry "SLO"]

1. d4 Nf6 2. Nf3 g6 3. c4 Bg7 4. Nc3 d5 5. cxd5 Nxd5 6. e4 Nxc3 7. bxc3 0-0 8. Be3 c5 9. Rb1 Nc6 10. Qd2 Qc7 11. Be2 Rd8 12. d5 Qa5 13. Rb5 Qxc3 14. Rxc5 Qxd2+ 15. Bxd2 Nd4 16. Nxd4 Bxd4 17. Rc4 e5 18. Bg5 f6 19. Bxf6 Rf8 20. Bh4 Rf4 21. Bg3 Rxe4 22. Kd2 b5 23. Rc7 Bb6 24. Re7 Rd4+ 25. Kc1 Bf5 26. Bd1 Rc8+ 27. Kb2 Rd2+ 28. Kb3 Bd4 29. Kb4 Bc3+ 30. Kxb5 Bd3+ 31. Ka4 Rxa2+ 0-1